Statistics for Countries with the tallest and shortest people

Click here to take the quiz!

General Stats

  • This quiz has been taken 15 times
  • The average score is 7 of 10

Answer Stats

hintTallest% Correct
71,89 inchesDenmark
90%
72,36 inchesthe Netherlands
90%
71,26 inchesGermany
80%
71,81 inchesNorway
80%
72,13 inchesMontenegro
70%
71,06 inchesCroatia
60%
71,65 inchesSerbia
60%
70,97 inchesCzech Republic
40%
70,83 inchesLuxembourg
40%
70,98 inchesSlovenia
40%

Score Distribution

Percentile by Number Answered

Percent of People with Each Score

Your Score History

You have not taken this quiz